00000000nam##2200000za#4500
0019.566802
003CaOODSP
00520211027153129
007cr |||||||||||
008150406|2009||||xxc|||||o    f|0| 0 eng|d
040 |aCaOODSP|beng
043 |an-cn---
0861 |aYM32-3/402-627E-PDF
24500|aBill C-7 : |h[electronic resource]|bAn Act to amend the Marine Liability Act and the Federal Courts Act and to make consequential amendments to other Acts / |c[by] David Johansen.
260 |aOttawa - Ontario : |bLibrary of Parliament. |c13 February 2009, revised 23 June 2009.
300 |a20p.|btables
4901 |aLegislative summary|vLS-627E
590 |a09-49|b2009-12-04
7101 |aCanada.|bLibrary of Parliament. |bParliamentary Research Branch.
7201 |aJohansen, David
77508|tProjet de loi C-7 : |w(CaOODSP)9.598247
830#0|aLegislative summary (Canada. Parliamentary Information and Research Service)|vLS-627E|w(CaOODSP)9.504770
85640|ahttp://publications.gc.ca|qPDF|s120 KB|uhttps://publications.gc.ca/collections/collection_2009/bdp-lop/ls/402-627E.pdf|yLS-627E